| Tag |
First Indicator |
Second Indicator |
Subfields |
| LEADER |
00000cam a2200000 a 4500 |
| 001 |
in00001406711 |
| 005 |
20151020072855.0 |
| 008 |
971126s1998 gw b 001 0 eng |
| 010 |
|
|
|a 97048780
|
| 015 |
|
|
|a GB98-13500
|
| 019 |
|
|
|a 38475081
|
| 020 |
|
|
|a 3540639233 (softcover : alk. paper)
|
| 035 |
|
|
|a (OCoLC)38043011
|
| 035 |
|
|
|9 AHQ3666AM
|
| 040 |
|
|
|a DLC
|c DLC
|d UKM
|d GZM
|d C#P
|d TXA
|d UtOrBLW
|
| 049 |
|
|
|a TXAM
|
| 050 |
0 |
0 |
|a QA3
|b .L28 no. 1680
|a QA564
|
| 082 |
0 |
0 |
|a 510 s
|a 516.3/5
|2 21
|
| 100 |
1 |
|
|a Li, Ke-Zheng,
|d 1949-
|
| 245 |
1 |
0 |
|a Moduli of supersingular abelian varieties /
|c Ke-Zheng Li, Frans Oort.
|
| 264 |
|
1 |
|a Berlin ;
|a New York :
|b Springer,
|c [1998]
|
| 264 |
|
4 |
|c ©1998
|
| 300 |
|
|
|a 116 pages
|
| 336 |
|
|
|a text
|b txt
|2 rdacontent
|
| 337 |
|
|
|a unmediated
|b n
|2 rdamedia
|
| 338 |
|
|
|a volume
|b nc
|2 rdacarrier
|
| 490 |
1 |
|
|a Lecture notes in mathematics,
|x 0075-8434 ;
|v 1680
|
| 504 |
|
|
|a Includes bibliographical references (pages 106-111) and index.
|
| 650 |
|
0 |
|a Abelian varieties.
|
| 650 |
|
0 |
|a Algebraic varieties
|x Classification theory.
|
| 650 |
|
0 |
|a Moduli theory.
|
| 700 |
1 |
|
|a Oort, Frans,
|d 1935-
|
| 830 |
|
0 |
|a Lecture notes in mathematics (Springer-Verlag) ;
|v 1680.
|
| 948 |
|
|
|a c:blr
|
| 999 |
|
|
|a MARS
|
| 999 |
f |
f |
|s 0172cb44-2999-3014-af11-1733fc966469
|i f917829f-3e3f-3eba-8795-2632a6bb6a11
|t 0
|
| 952 |
f |
f |
|p ric
|a Texas A&M University
|b Rellis Campus
|c Joint Library Facility
|d Remote Storage
|t 0
|e QA3 .L28 no.1680
|h Library of Congress classification
|i unmediated -- volume
|m A14822554755
|
| 998 |
f |
f |
|a QA3 .L28 no.1680
|t 0
|l Remote Storage
|